| 000 | 00525nam a2200181Ia 4500 | ||
|---|---|---|---|
| 005 | 20250508160847.0 | ||
| 008 | 008 250505s9999 xx 000 0 hin d | ||
| 037 | _aReference | ||
| 040 |
_aFEDL _beng _cFEDL |
||
| 041 |
_ahin _2eng |
||
| 084 |
_a370.954, RAS _qFEDL |
||
| 100 |
_aRastogi Krishna Gopal _9769576 |
||
| 245 | 0 | _aBhartiya shiksha ka vikas awam samasyain | |
| 260 |
_aMeerut, India _bRastogi Publication _c1975 |
||
| 300 | _av,568p. | ||
| 942 |
_cREF _h370.954, RAS |
||
| 999 |
_c1367040 _d1367040 |
||